| 000 | 00609nam a22001337a 4500 | ||
|---|---|---|---|
| 040 | _cRUA | ||
| 082 | _aAGR KEU 2010 B044 Or.1 | ||
| 100 | _aKEUT, ODOM. | ||
| 245 | _aEffect of seedling rates on broad casting rice growth under prateac larng soil ឥទ្ធិពលនៃបរិមាណគ្រាប់ពូជលើដំណាំស្រូវពង្រួស ដាំដុះលើដីប្រះឡាង | ||
| 260 |
_aPhnom Penh _bRUA _c2010 |
||
| 300 |
_axi; 42p. _bill. _c29cm. |
||
| 856 | _uhttps://drive.google.com/file/d/16WyAQX89gEIq_zEoXdTccjG4ywenxGqk/view?usp=sharing | ||
| 942 | _cAGR | ||
| 999 |
_c1099 _d1099 |
||